000 00781cam a2200205 a 4500
001 82231
003 BD-RjUL
005 20231102110746.0
008 231102muuuu1962pk b 001 0 per d
035 _a(BD-RjUL)82231
040 _aPU
_cPSt
_dDLC-R
_beng
041 _aper
082 _223
_a891.5509
_bSAT 1962
100 1 _aSarwar, Ghulam ;;;سرور، غلام
_99864
245 1 0 _aتاريخ زبان فارسى : قسمت نثر / Tārīkh-i Zabān-i Fārsī, qismat-i nas̲r /
_cتأليف غلام سرور.,. / taʻlīf-i Ghulām Sarwar,
260 _aKarāchī :
_b مكتبه خورشيد درخشان،, / Maktabah-yi Khurshīd-i Dirakhshān,
_c1962
300 _a264 pages ;
_c24 cm.
650 0 _aPersian literature
_xHistory and criticism
_99865
942 _2ddc
_cBK
999 _c82231
_d82231